Dynamic insulation for energy saving and comfort (Record no. 104860)

MARC details
000 -LEADER
fixed length control field 00867cam a2200205 4500
001 - CONTROL NUMBER
control field ##L131834
008 - FIXED-LENGTH DATA ELEMENTS--GENERAL INFORMATION
fixed length control field 051212n2003 000 0 eng u
020 ## - INTERNATIONAL STANDARD BOOK NUMBER
International Standard Book Number 1860816185
035 ## - SYSTEM CONTROL NUMBER
System control number (Sirsi) u131834
041 0# - LANGUAGE CODE
Language code of text/sound track or separate title eng
050 04 - LIBRARY OF CONGRESS CALL NUMBER
Classification number 697.04 $2 18
100 1# - MAIN ENTRY--PERSONAL NAME
Personal name Baker, Paul
245 00 - TITLE STATEMENT
Title Dynamic insulation for energy saving and comfort
260 ## - PUBLICATION, DISTRIBUTION, ETC.
Place of publication, distribution, etc. London
Name of publisher, distributor, etc. BRE
Date of publication, distribution, etc. 2003
300 ## - PHYSICAL DESCRIPTION
Extent 8p
-- ll, graphs
Dimensions 30cm
490 #0 - SERIES STATEMENT
Series statement BRE Information Paper
Volume/sequential designation IP 3/03
520 ## - SUMMARY, ETC.
Summary, etc. Describes what constitutes a dynamic insulation system and discusses the energy savings and practicalities of building with dynamic insulation, together with some of the design and buildability issues gained from practical experience.
690 ## - LOCAL SUBJECT ADDED ENTRY--TOPICAL TERM (OCLC, RLIN)
Topical term or geographic name as entry element BUILT ENVIRONMENT-BUILDING ELEMENTS-COMPLETE BUILDING SERVICES ELEMENTS-COMPLETE HEATING, VENTILATION AND AIR CONDITIONING SYSTEMS
942 ## - ADDED ENTRY ELEMENTS (KOHA)
Suppress in OPAC 0
Holdings
Withdrawn status Lost status Source of classification or shelving scheme Damaged status Not for loan Home library Current library Shelving location Date acquired Total Checkouts Full call number Barcode Date last seen Date last checked out Copy number Price effective from Koha item type
    Dewey Decimal Classification     London London BRE publications 12/12/2005 3 ENQUIRY DESK 30061299 06/08/2019 02/05/2006 1 06/08/2019 Book